| 000 | 00689nam a2200241 a 4500 | ||
|---|---|---|---|
| 008 | |||
| 020 | _a0471958115 (pbk.) | ||
| 049 | _aMAIN | ||
| 090 |
_aQR75 _bSIN |
||
| 100 | 1 | _aSingleton, Paul. | |
| 245 | 1 | 0 |
_aBacteria in biology, biotechnology, and medicine / _cPaul Singleton. |
| 250 | _a3rd ed. | ||
| 260 |
_aChichester : _bJ. Wiley & Sons, _c1995. |
||
| 300 |
_avii, 319 p. : _bill. ; _c23 cm. |
||
| 504 | _aIncludes bibliographical references. | ||
| 500 | _aIncludes index. | ||
| 650 | 0 | _aBacteria. | |
| 907 |
_a.b10055502 _b07-03-16 _c17-04-03 |
||
| 003 | |||
| 005 | 20230123133541.0 | ||
| 040 | _cNUST | ||
| 942 |
_cBOOKS _kQR75 _mSIN |
||
| 999 |
_c150559 _d150559 |
||